Les pays par deux premières lettres en 15 secondes - Statistiques

Statistiques générales
  • Ce quiz a été pris 1 349 fois
  • Le résultat moyen est 34 sur 196
Réponses sur la Carte
Les réponses sont colorées sur une échelle allant du rouge au vert en fonction du pourcentage des utilisateurs qui les ont devinées à leur premier essai. Vous pouvez retrouver ces pourcentages ci-dessous.
 
Statistiques - réponses
Pays % Correct
France
77%
Etats-Unis
71%
Éthiopie
71%
Cambodge
65%
Cameroun
65%
Canada
65%
Cap-Vert
65%
Russie
61%
Chili
56%
Chine
56%
Chypre
56%
Brésil
50%
Brunei
50%
Albanie
41%
Algérie
41%
Allemagne
41%
Espagne
40%
Estonie
40%
Australie
36%
Autriche
36%
République démocratique du Congo
35%
République du Congo
35%
Arabie Saoudite
34%
Argentine
34%
Arménie
34%
Macédoine
34%
Madagascar
34%
Malaisie
34%
Malawi
34%
Maldives
34%
Mali
34%
Malte
34%
Maroc
34%
Mauritanie
34%
Inde
33%
Indonésie
33%
Mexique
33%
Pologne
29%
Portugal
29%
Colombie
28%
Comores
28%
Corée du Nord
28%
Corée du Sud
28%
Costa Rica
28%
Côte d'Ivoire
28%
Roumanie
20%
Royaume-Uni
20%
Belgique
19%
Belize
19%
Bénin
19%
Liban
19%
Liberia
19%
Libye
19%
Liechtenstein
19%
Lituanie
19%
Moldavie
19%
Monaco
19%
Mongolie
19%
Monténégro
19%
Mozambique
19%
Pakistan
19%
Palaos
19%
Panama
19%
Papouasie-Nouvelle- Guinée
19%
Paraguay
19%
Pays-Bas
19%
Afghanistan
18%
Afrique du Sud
18%
Irak
17%
Iran
17%
Irlande
17%
Norvège
17%
Nouvelle-Zélande
17%
Suède
17%
Suisse
17%
Suriname
17%
Saint-Christophe- et-Niévès
16%
Sainte-Lucie
16%
Saint-Marin
16%
Saint-Vincent-et-les- Grenadines
16%
Salomon
16%
Salvador
16%
Samoa
16%
Sao Tomé-et-Principe
16%
Andorre
15%
Angola
15%
Antigua-et-Barbuda
15%
Danemark
15%
Fidji
14%
Finlande
14%
Islande
14%
Israël
14%
Italie
14%
Jamaïque
14%
Japon
14%
Nicaragua
14%
Niger
14%
Nigeria
14%
République Centrafricaine
13%
Tunisie
13%
Turkménistan
13%
Turquie
13%
Tuvalu
13%
Pérou
12%
Bolivie
11%
Bosnie-Herzégovine
11%
Botswana
11%
République dominicaine
11%
République tchèque
11%
Bahamas
10%
Bahreïn
10%
Bangladesh
10%
Barbade
10%
Guatemala
10%
Guinée
10%
Guinée-Bissau
10%
Guinée équatoriale
10%
Guyana
10%
Lesotho
10%
Lettonie
10%
Kazakhstan
9%
Laos
9%
Somalie
9%
Soudan
9%
Soudan du Sud
9%
Uruguay
9%
Luxembourg
8%
Namibie
8%
Nauru
8%
Sénégal
8%
Serbie
8%
Seychelles
8%
Bulgarie
7%
Burkina Faso
7%
Burundi
7%
Égypte
7%
Népal
7%
Birmanie
6%
Gabon
6%
Gambie
6%
Micronésie
6%
Tadjikistan
6%
Taïwan
6%
Tanzanie
6%
Venezuela
6%
Biélorussie
5%
Cuba
5%
Honduras
5%
Hongrie
5%
Kirghizistan
5%
Kiribati
5%
Sierra Leone
5%
Singapour
5%
Ukraine
5%
Azerbaïdjan
4%
Érythrée
4%
Grèce
4%
Grenade
4%
Haïti
4%
Thaïlande
4%
Togo
4%
Tonga
4%
Vanuatu
4%
Vatican
4%
Bhoutan
3%
Croatie
3%
Équateur
3%
Ghana
3%
Ouganda
3%
Ouzbékistan
3%
Slovaquie
3%
Slovénie
3%
Sri Lanka
3%
Tchad
3%
Timor oriental
3%
Viêt Nam
3%
Dominique
2%
Émirats arabes unis
2%
Géorgie
2%
Île Maurice
2%
Îles Marshall
2%
Kenya
2%
Kosovo
2%
Koweït
2%
Rwanda
2%
Syrie
2%
Trinité-et-Tobago
2%
Zambie
2%
Zimbabwe
2%
Djibouti
1%
Oman
1%
Philippines
1%
Qatar
1%
Swaziland
1%
Yémen
1%
Jordanie
0%
Aucun quiz correspondant
Distribution des résultats
% des personnes avec chaque résultat
Percentile par nombre de réponses
Votre historique - résultats
Vous n’avez pas pris ce quiz